| 000 | 01392nam2a22003491 4500 | ||
|---|---|---|---|
| 001 | v19\rc\1797125 | ||
| 005 | 20250619082016.0 | ||
| 035 | _a(NLR Aleph) 004887530 | ||
| 090 |
_a5235700 _c5235700 |
||
| 100 | _a20061204d1907 |||y0rusy50 ca | ||
| 101 | 1 |
_arus _ceng _ceng _ceng |
|
| 102 | _aRU | ||
| 105 | _ay z ||||| | ||
| 200 | 1 |
_aО социализме _aГерцогиня Падуанская _aВеер леди Уайндермер |
|
| 210 |
_d1907 _aБ. м. |
||
| 215 | _a[8], 389 с. | ||
| 300 | _aЗагл. обл.: О социализме. Драмы | ||
| 461 | 0 |
_1001v19\rc\1797121 _12001#$aПолное собрание сочинений$eТ. 1-8$fОскар Уайльд$vТ. 4 _1700#1$3RU\NLR\AUTH\77290$7ca$aУайльд$bО.$f1854-1900$gОскар _95811683 _aУайльд, О. (1854-1900) _cМосква _d1905-1909 _fОскар Уайльд _nВ.М. Саблин _oТ. 1-8 _p8 т. _tПолное собрание сочинений _vТ. 4 |
|
| 512 | 0 | _aО социализме. Драмы | |
| 801 | 0 |
_aRU _bNLR _gpsbo |
|
| 801 | 0 |
_aRU _bRuMoRGB _2psbo |
|
| 801 | 1 |
_aRU _bProSoft-M _2rusmarc |
|
| 852 |
_aNLR _j38.62.1.51 |
||
| 899 |
_aRuMoRGB _jКл 66/405 |
||
| 899 |
_aRuMoRGB _jРб 10/2667 |
||
| 899 |
_aRuMoRGB _jW 23/105 |
||
| 899 |
_aRuMoRGB _jE 117/16 |
||
| 899 |
_aRuMoRGB _jA 280/453 |
||
| 899 | _aБАН | ||
| 899 | _aНБ СПбГУ | ||
| 942 | _cBOOK | ||
| 980 | _aNB | ||